[Event "XXI Festival Conca della Presolana A"]
[Site "Bratto - Castione della Presolana ITA"]
[Date "2001.08.22"]
[Round "1"]
[White "Pantaleoni, Claudio"]
[Black "Rigamonti, Stefano"]
[Result "1-0"]
[WhiteElo "2205"]
[BlackElo "1902"]
[PlyCount "59"]
[EventDate "2001.08.22"]

1.c4 e5 2.Nc3 Nf6 3.Nf3 Nc6 4.g3 d5 5.cxd5 Nxd5 6.Bg2 Nb6 7.O-O Be7 8.d3 
Be6 9.a3 O-O 10.b4 f6 11.Bb2 Qd7 12.Ne4 Nd4 13.Nxd4 exd4 14.Rc1 c6 15.Nc5 
Bxc5 16.Rxc5 Rad8 17.a4 Qf7 18.Qa1 Bb3 19.Ra5 Nc8 20.Bxd4 b6 21.Ra6 Bd5 
22.e4 Be6 23.Rd1 Qb7 24.b5 c5 25.Be3 c4 26.d4 Ne7 27.a5 Bd7 28.axb6 axb6 
29.e5 Nd5 30.Ra7 1-0

[Event "XXI Festival Conca della Presolana A"]
[Site "Bratto - Castione della Presolana ITA"]
[Date "2001.08.22"]
[Round "1"]
[White "Paoli, Enrico"]
[Black "Schaefer, Michael"]
[Result "0-1"]
[WhiteElo "2021"]
[BlackElo "2240"]
[PlyCount "122"]
[EventDate "2001.08.22"]

1.e4 c5 2.Nf3 e6 3.Nc3 d6 4.d4 cxd4 5.Nxd4 Nf6 6.Be2 Be7 7.O-O Nc6 8.Be3 
Bd7 9.Kh1 Nxd4 10.Qxd4 Bc6 11.f4 O-O 12.Rad1 Qb8 13.f5 b5 14.a3 a5 15.fxe6
fxe6 16.Bf3 Kh8 17.Ne2 Nd7 18.c3 Ne5 19.Ng3 Qb7 20.Nh5 Rf7 21.Ng3 Bf6 22.
Qd2 Raf8 23.Qc1 Nxf3 24.gxf3 Be5 25.Kg2 d5 26.f4 Bc7 27.exd5 Bxd5+ 28.Kg1 
Qb8 29.Rd4 Bc4 30.Rf2 e5 31.fxe5 Bxe5 32.Rg4 Qb7 33.Qd1 Rxf2 34.Bxf2 Qf7 
35.Bd4 Bxd4+ 36.Qxd4 Rc8 37.Re4 Rf8 38.Rg4 Be6 39.Rg5 Bh3 40.Nf5 Bxf5 41.
h4 Bg6 42.Rg2 Qf1+ 43.Kh2 Qf4+ 44.Qxf4 Rxf4 45.Kg3 Rf5 46.Rd2 h6 47.Rd8+ 
Kh7 48.Ra8 a4 49.c4 bxc4 50.Rxa4 Bf7 51.Rb4 Bd5 52.a4 Rf3+ 53.Kg4 Rb3 54.
Rxb3 cxb3 55.a5 Kg6 56.a6 Kf6 57.Kf4 Ba8 58.Ke3 Kg6 59.Kd3 Kh5 60.Kc3 Kxh4
61.Kxb3 g5 0-1

[Event "XXI Festival Conca della Presolana A"]
[Site "Bratto - Castione della Presolana ITA"]
[Date "2001.08.22"]
[Round "1"]
[White "Podini, Francesco"]
[Black "Everet, Alexandro"]
[Result "0-1"]
[WhiteElo "2072"]
[BlackElo "2308"]
[PlyCount "66"]
[EventDate "2001.08.22"]

1.c4 e6 2.Nf3 b6 3.e3 Bb7 4.Be2 g6 5.Nc3 Bg7 6.O-O Ne7 7.d4 O-O 8.b3 d6 9.
Bb2 c6 10.Rc1 Na6 11.a3 h6 12.Qc2 f5 13.Rfd1 Qe8 14.b4 Nc7 15.e4 Rc8 16.c5
d5 17.cxb6 fxe4 18.bxc7 exf3 19.Bxf3 Nf5 20.Na4 Rxc7 21.b5 Nh4 22.Be2 Rcf7
23.Rf1 cxb5 24.Nc5 Nf5 25.Qd3 Bc8 26.Rce1 Rc7 27.Rc1 a6 28.Rfe1 Qf7 29.g3 
Nd6 30.Qe3 Nc4 31.Bxc4 bxc4 32.f4 Rxc5 33.dxc5 Bxb2 0-1

[Event "XXI Festival Conca della Presolana A"]
[Site "Bratto - Castione della Presolana ITA"]
[Date "2001.08.22"]
[Round "1"]
[White "Preiss, Martin"]
[Black "Cavatorta, Fosco"]
[Result "1-0"]
[WhiteElo "2262"]
[BlackElo "2025"]
[PlyCount "69"]
[EventDate "2001.08.22"]

1.c4 Nc6 2.Nc3 e5 3.g3 g6 4.Bg2 Bg7 5.Nf3 f5 6.O-O Nf6 7.Rb1 O-O 8.b4 a5 
9.b5 Nd4 10.Nxe5 Ne4 11.Nd3 Nxc3 12.dxc3 Ne6 13.Qb3 Qf6 14.Bd2 a4 15.Qc2 
d6 16.Rb4 Re8 17.Rxa4 Rxa4 18.Qxa4 Nc5 19.Nxc5 dxc5 20.Re1 Rd8 21.Qc2 Qb6 
22.Bd5+ Be6 23.e4 Bxd5 24.cxd5 fxe4 25.c4 c6 26.Bg5 Rf8 27.bxc6 bxc6 28.d6
h6 29.Be7 Re8 30.Qxe4 Qb7 31.Qxg6 Qd7 32.a4 Rb8 33.a5 Qh3 34.Bf6 Qd7 35.
Re7 1-0

[Event "XXI Festival Conca della Presolana A"]
[Site "Bratto - Castione della Presolana ITA"]
[Date "2001.08.22"]
[Round "1"]
[White "Radice, Luca"]
[Black "Stefanelli, Luca"]
[Result "1/2-1/2"]
[WhiteElo "2042"]
[BlackElo "2270"]
[PlyCount "25"]
[EventDate "2001.08.22"]

1.d4 d6 2.Nf3 Bg4 3.c4 Bxf3 4.exf3 g6 5.Nc3 Bg7 6.Be3 e6 7.Qd2 h6 8.Bd3 
Ne7 9.O-O-O Nd7 10.Rhe1 c6 11.d5 cxd5 12.cxd5 e5 13.Kb1 1/2-1/2

[Event "XXI Festival Conca della Presolana A"]
[Site "Bratto - Castione della Presolana ITA"]
[Date "2001.08.22"]
[Round "1"]
[White "Salami, Marco"]
[Black "Epishin, Vladimir V."]
[Result "0-1"]
[WhiteElo "2199"]
[BlackElo "2583"]
[PlyCount "66"]
[EventDate "2001.08.22"]

1.e4 c5 2.Nc3 e6 3.g3 a6 4.Bg2 b5 5.d3 Bb7 6.f4 d5 7.e5 Nh6 8.Nf3 Be7 9.
O-O Nc6 10.Kh1 O-O 11.Ne2 Qd7 12.d4 cxd4 13.Nexd4 Nxd4 14.Nxd4 Nf5 15.Nxf5
exf5 16.Be3 Rac8 17.Qd3 Bc5 18.Bxc5 Rxc5 19.Rad1 g6 20.Rf2 Qc7 21.Qb3 a5 
22.Kg1 Kg7 23.Rdd2 Rd8 24.Qf3 Bc8 25.Qd1 Be6 26.Bf3 b4 27.Rd3 Qb6 28.Kg2 
Rdc8 29.a3 bxa3 30.bxa3 Qc6 31.Rdd2 Qa4 32.Bxd5 Rxd5 33.Rxd5 Qe4+ 0-1

[Event "XXI Festival Conca della Presolana A"]
[Site "Bratto - Castione della Presolana ITA"]
[Date "2001.08.22"]
[Round "1"]
[White "Sbarra, Marco"]
[Black "Temi, Walter"]
[Result "1-0"]
[WhiteElo "2305"]
[BlackElo "2067"]
[PlyCount "65"]
[EventDate "2001.08.22"]

1.e4 b6 2.d4 Bb7 3.Bd3 e6 4.Ne2 c5 5.c3 d5 6.e5 Qd7 7.O-O Ba6 8.dxc5 bxc5 
9.Bxa6 Nxa6 10.c4 d4 11.Nd2 Ne7 12.Nf4 Ng6 13.Nd3 Nb4 14.Nxb4 cxb4 15.Nf3 
Bc5 16.h4 h6 17.h5 Ne7 18.Bf4 Nf5 19.Qd3 g5 20.hxg6 fxg6 21.a3 bxa3 22.
bxa3 Qg7 23.Bd2 O-O 24.Bb4 Qc7 25.Rfe1 Rad8 26.Rab1 a5 27.Bxc5 Qxc5 28.Rb5
Qa7 29.Nd2 Rf7 30.Ne4 Rdf8 31.Reb1 Kg7 32.Rb6 Rc7 33.Nd6 1-0

[Event "XXI Festival Conca della Presolana A"]
[Site "Bratto - Castione della Presolana ITA"]
[Date "2001.08.22"]
[Round "1"]
[White "Tatai, Stefano"]
[Black "Griffa, Roberto"]
[Result "1/2-1/2"]
[WhiteElo "2350"]
[BlackElo "2082"]
[PlyCount "130"]
[EventDate "2001.08.22"]

1.e4 c6 2.d3 d5 3.Nd2 e5 4.Ngf3 Bd6 5.Be2 Nf6 6.O-O O-O 7.Re1 Re8 8.Bf1 
Bg4 9.c3 Qc7 10.Qc2 Nbd7 11.h3 Bh5 12.Nh4 Bf8 13.g3 dxe4 14.dxe4 a5 15.a4 
Nc5 16.Nc4 Nfd7 17.Nf5 Nb6 18.Nxb6 Qxb6 19.Bc4 Ne6 20.Be3 Bc5 21.g4 Bxe3 
22.Rxe3 Bg6 23.Bxe6 Rxe6 24.Rd1 Bxf5 25.exf5 Re7 26.Qd2 f6 27.Qd6 Qb3 28.
Qxe7 Qxd1+ 29.Kg2 Qd5+ 30.Kg3 b5 31.Qb7 Rd8 32.axb5 cxb5 33.Qxd5+ Rxd5 34.
f4 exf4+ 35.Kxf4 Rd2 36.b3 Kf7 37.Ke4 Ke7 38.c4 bxc4 39.bxc4 Rd8 40.Rb3 a4
41.Ra3 Ra8 42.Kd5 g6 43.fxg6 hxg6 44.c5 Kd7 45.h4 Kc7 46.h5 gxh5 47.gxh5 
Rh8 48.Rh3 a3 49.h6 a2 50.Ra3 Rd8+ 51.Kc4 Rh8 52.Rxa2 Rxh6 53.Kb5 f5 54.
Ra7+ Kb8 55.Rf7 f4 56.Rxf4 Rg6 57.Rf5 Rh6 58.Rd5 Kc7 59.Rg5 Rf6 60.Rg7+ 
Kc8 61.Kc4 Rh6 62.Kd5 Rh5+ 63.Kc6 Rh6+ 64.Kb5 Rf6 65.c6 Rf1 1/2-1/2

[Event "XXI Festival Conca della Presolana A"]
[Site "Bratto - Castione della Presolana ITA"]
[Date "2001.08.22"]
[Round "1"]
[White "Valori, Vincenzo"]
[Black "Bresciani, Nicola"]
[Result "1/2-1/2"]
[WhiteElo "2056"]
[BlackElo "2278"]
[PlyCount "79"]
[EventDate "2001.08.22"]

1.f4 c5 2.Nf3 Nc6 3.Nc3 g6 4.e4 Bg7 5.Bc4 e6 6.d3 Nge7 7.O-O d5 8.Bb3 O-O 
9.Qe1 a6 10.a4 Nd4 11.Nxd4 cxd4 12.Ne2 dxe4 13.dxe4 Nc6 14.Qf2 Qb6 15.Rd1 
Rd8 16.Bd2 Bf8 17.a5 Qa7 18.Bc4 Bc5 19.Bd3 b5 20.Kh1 Qe7 21.Ng3 f5 22.Re1 
Qf8 23.Re2 Bb7 24.exf5 exf5 25.Re6 Re8 26.Rae1 Qf7 27.Rxe8+ Rxe8 28.Rxe8+ 
Qxe8 29.Qe2 Qxe2 30.Nxe2 Kf8 31.Nc1 Ke7 32.Nb3 Ba7 33.Kg1 Bc8 34.Kf1 Be6 
35.Nc1 Bc5 36.Ne2 Bd5 37.g3 Kd6 38.h3 Bc4 39.g4 Kd5 40.Nc1 1/2-1/2

[Event "XXI Festival Conca della Presolana A"]
[Site "Bratto - Castione della Presolana ITA"]
[Date "2001.08.22"]
[Round "1"]
[White "Vancini, Edoardo"]
[Black "Luchsinger, Eric"]
[Result "1-0"]
[WhiteElo "2358"]
[BlackElo "2094"]
[PlyCount "79"]
[EventDate "2001.08.22"]

1.e4 e5 2.Nf3 Nf6 3.Nxe5 d6 4.Nc4 Nxe4 5.Nc3 Nxc3 6.bxc3 Be7 7.Be2 d5 8.
Ne3 O-O 9.O-O c6 10.d4 Be6 11.c4 Nd7 12.Rb1 b6 13.Rb3 Nf6 14.Bb2 dxc4 15.
Bxc4 Nd5 16.Nxd5 Bxd5 17.Qe2 Bxc4 18.Qxc4 Qd7 19.a4 Rfe8 20.Rd1 Rad8 21.
Qa6 Bf6 22.h3 Re4 23.a5 b5 24.c4 Rde8 25.cxb5 Re1+ 26.Rxe1 Rxe1+ 27.Kh2 
Qd6+ 28.Rg3 h5 29.Qxc6 Qb8 30.h4 Bxh4 31.b6 Bxg3+ 32.fxg3 h4 33.Qc7 hxg3+ 
34.Kxg3 Qe8 35.Bc1 axb6 36.axb6 f6 37.b7 Qg6+ 38.Kf2 Rxc1 39.b8=Q+ Kh7 40.
Qxc1 1-0

[Event "XXI Festival Conca della Presolana A"]
[Site "Bratto - Castione della Presolana ITA"]
[Date "2001.08.23"]
[Round "2"]
[White "Battaggia, Piergiorgio"]
[Black "Cugini, Verter"]
[Result "1/2-1/2"]
[WhiteElo "2114"]
[BlackElo "2207"]
[PlyCount "58"]
[EventDate "2001.08.22"]

1.d4 d6 2.c4 e5 3.Nf3 Bg4 4.dxe5 Bxf3 5.exf3 dxe5 6.Qxd8+ Kxd8 7.Nc3 c6 8.
f4 Nd7 9.fxe5 Nxe5 10.Bf4 f6 11.O-O-O+ Kc7 12.Be2 Bd6 13.Bg3 Nh6 14.Ne4 
Be7 15.Ng5 Nf5 16.Ne6+ Kb6 17.f4 Nxg3 18.hxg3 Ng6 19.Nxg7 Bc5 20.Nf5 Rae8 
21.Bh5 Rd8 22.Rxd8 Rxd8 23.Re1 Nf8 24.Re2 a5 25.Kc2 Kc7 26.Rd2 Ne6 27.Rxd8
Kxd8 28.Kd3 Bf8 29.b3 Ng7 1/2-1/2

[Event "XXI Festival Conca della Presolana A"]
[Site "Bratto - Castione della Presolana ITA"]
[Date "2001.08.23"]
[Round "2"]
[White "Bellini, Fabio"]
[Black "Ferrari, Nicola"]
[Result "1-0"]
[WhiteElo "2499"]
[BlackElo "2163"]
[PlyCount "79"]
[EventDate "2001.08.22"]

1.e4 c6 2.d4 d5 3.Nd2 dxe4 4.Nxe4 Nf6 5.Nxf6+ gxf6 6.Nf3 Bg4 7.Be2 Na6 8.
Be3 Nc7 9.c4 Qd7 10.Qb3 b5 11.cxb5 cxb5 12.Rd1 Be6 13.d5 Bxd5 14.Bxb5 Qxb5
15.Qxb5+ Nxb5 16.Rxd5 Rb8 17.Bf4 Rb7 18.O-O e6 19.Rd3 Nc7 20.Bxc7 Rxc7 21.
Rfd1 Be7 22.Rb3 O-O 23.g3 Rd8 24.Rxd8+ Bxd8 25.Nd2 Rc2 26.Ne4 Kg7 27.Rd3 
Bb6 28.Rd2 Rxd2 29.Nxd2 Kg6 30.Nc4 Bc7 31.Kg2 Kf5 32.Kf3 h5 33.b4 e5 34.
Ne3+ Ke6 35.Ke4 Bb6 36.f4 Bxe3 37.f5+ Kd6 38.Kxe3 Kc6 39.h4 Kb5 40.g4 1-0

[Event "XXI Festival Conca della Presolana A"]
[Site "Bratto - Castione della Presolana ITA"]
[Date "2001.08.23"]
[Round "2"]
[White "Borgo, Giulio"]
[Black "Friedrich, Norbert"]
[Result "1-0"]
[WhiteElo "2428"]
[BlackElo "2275"]
[PlyCount "55"]
[EventDate "2001.08.22"]

1.e4 c5 2.Nf3 e6 3.b3 d6 4.Bb2 Nc6 5.d4 cxd4 6.Nxd4 Nf6 7.Nxc6 bxc6 8.Bd3 
Be7 9.c4 O-O 10.O-O e5 11.Qe2 Bg4 12.Qe3 Nh5 13.f3 Bg5 14.Qf2 Nf4 15.Rd1 
f5 16.Nc3 Bh4 17.Qf1 Rf6 18.c5 d5 19.exd5 Bh5 20.Bc4 Kh8 21.dxc6 Qa5 22.
Nb5 Qb4 23.Ba3 Qa5 24.b4 Qa4 25.Bb3 Qa6 26.Nc7 Ne2+ 27.Kh1 Bg3 28.Nxa6 1-0

[Event "XXI Festival Conca della Presolana A"]
[Site "Bratto - Castione della Presolana ITA"]
[Date "2001.08.23"]
[Round "2"]
[White "Bresciani, Nicola"]
[Black "Pagnoncelli, Marco"]
[Result "1-0"]
[WhiteElo "2278"]
[BlackElo "2064"]
[PlyCount "99"]
[EventDate "2001.08.22"]

1.e4 c5 2.Nf3 d6 3.d4 cxd4 4.Nxd4 Nf6 5.Nc3 g6 6.Be3 Bg7 7.f3 O-O 8.Qd2 
Nc6 9.g4 Nxd4 10.Bxd4 Be6 11.O-O-O Qa5 12.a3 Rfc8 13.h4 Rab8 14.Nd5 Qxd2+ 
15.Rxd2 Bxd5 16.exd5 b6 17.Bh3 Rc7 18.g5 Nh5 19.Bg4 Rc4 20.Bxg7 Kxg7 21.
Re1 Rb7 22.Bxh5 gxh5 23.Re4 Rbc7 24.Rde2 Rxe4 25.fxe4 h6 26.gxh6+ Kxh6 27.
Kd2 e6 28.Kd3 b5 29.b3 Re7 30.c4 exd5 31.cxb5 Rb7 32.exd5 Rxb5 33.Kc4 Rc5+
34.Kd4 Rc7 35.Re8 Rb7 36.b4 a5 37.Kc4 axb4 38.axb4 Kg6 39.Rd8 Rb6 40.Rc8 
Rb7 41.Rc6 Rd7 42.b5 f5 43.Kd4 Kf6 44.b6 Ke7 45.Ke3 Kd8 46.Kf4 Rg7 47.Kxf5
Re7 48.Kf6 Re8 49.b7 Kd7 50.Rc8 1-0

[Event "XXI Festival Conca della Presolana A"]
[Site "Bratto - Castione della Presolana ITA"]
[Date "2001.08.23"]
[Round "2"]
[White "Capata, Ion"]
[Black "Ausmins, Elmar"]
[Result "0-1"]
[WhiteElo "1948"]
[BlackElo "2345"]
[PlyCount "90"]
[EventDate "2001.08.22"]

1.e4 c5 2.c3 b6 3.d4 Bb7 4.d5 Nf6 5.Bd3 d6 6.Nf3 Nbd7 7.c4 g6 8.O-O Bg7 9.
Nc3 O-O 10.h3 a6 11.Re1 e6 12.Bf4 e5 13.Bg5 h6 14.Bd2 Nh5 15.Nh2 Bc8 16.
Qc1 Kh7 17.g4 Nf4 18.Bxf4 exf4 19.Qxf4 Ne5 20.Rad1 b5 21.cxb5 axb5 22.Bxb5
c4 23.Re2 f5 24.exf5 gxf5 25.Rxe5 Bxe5 26.Qxc4 fxg4 27.Nxg4 Bxg4 28.hxg4 
Qh4 29.Qe4+ Kh8 30.Qg2 Rf4 31.f3 Raf8 32.Be2 Bd4+ 33.Rxd4 Rxd4 34.Ne4 Rxd5
35.Qg3 Qxg3+ 36.Nxg3 Rd2 37.a4 Rxb2 38.Kf1 d5 39.Nf5 h5 40.Nh4 Re8 41.Ng6+
Kg7 42.Nf4 hxg4 43.Bb5 Rh8 44.Kg1 gxf3 45.Nxd5 Rg2+ 0-1

[Event "XXI Festival Conca della Presolana A"]
[Site "Bratto - Castione della Presolana ITA"]
[Date "2001.08.23"]
[Round "2"]
[White "Capece, Adolivio"]
[Black "Di Fonzo, Valerio"]
[Result "1/2-1/2"]
[WhiteElo "2073"]
[BlackElo "2223"]
[PlyCount "47"]
[EventDate "2001.08.22"]

1.c4 e5 2.Nc3 Nc6 3.g3 g6 4.Bg2 Bg7 5.d3 d6 6.Nd5 Nce7 7.Bd2 c6 8.Nc3 Nf6 
9.e4 O-O 10.Nf3 Bg4 11.h3 Bxf3 12.Qxf3 Nd7 13.g4 f5 14.gxf5 gxf5 15.Rg1 
Nc5 16.Bf1 fxe4 17.Qg4 Ng6 18.dxe4 Qf6 19.Be3 Ne6 20.O-O-O Nd4 21.Ne2 Nf3 
22.Rg2 Kh8 23.Ng3 Nfh4 24.Rg1 1/2-1/2

[Event "XXI Festival Conca della Presolana A"]
[Site "Bratto - Castione della Presolana ITA"]
[Date "2001.08.23"]
[Round "2"]
[White "Caruso, Daniele"]
[Black "Paoli, Enrico"]
[Result "1-0"]
[WhiteElo "2104"]
[BlackElo "2021"]
[PlyCount "53"]
[EventDate "2001.08.22"]

1.e4 e5 2.Nf3 Nf6 3.Nc3 Nc6 4.d4 exd4 5.Nxd4 Nxd4 6.Qxd4 d6 7.Bg5 Be7 8.
O-O-O O-O 9.e5 Ne8 10.Bxe7 Qxe7 11.f4 Bg4 12.Rd2 c6 13.Ne4 d5 14.Nf2 Bd7 
15.Bd3 Nc7 16.f5 c5 17.Qf4 Ne8 18.f6 gxf6 19.Qh4 h6 20.Qxh6 f5 21.g4 Qe6 
22.Qh4 Qxe5 23.gxf5 Qh8 24.Rg1+ Ng7 25.Rxg7+ Qxg7 26.f6 Qg1+ 27.Rd1 1-0

[Event "XXI Festival Conca della Presolana A"]
[Site "Bratto - Castione della Presolana ITA"]
[Date "2001.08.23"]
[Round "2"]
[White "Cavatorta, Fosco"]
[Black "Agnelli, Francesco"]
[Result "0-1"]
[WhiteElo "2025"]
[BlackElo "2132"]
[PlyCount "68"]
[EventDate "2001.08.22"]

1.e4 c5 2.Nf3 Nc6 3.d3 g6 4.g3 Bg7 5.Bg2 d6 6.O-O Nf6 7.c3 O-O 8.Nbd2 Rb8 
9.a4 a6 10.Re1 b5 11.axb5 axb5 12.d4 b4 13.e5 dxe5 14.dxe5 Ng4 15.e6 fxe6 
16.cxb4 Rxb4 17.h3 Nge5 18.Nxe5 Nxe5 19.Re4 Nd3 20.Rxb4 Nxf2 21.Qe2 cxb4 
22.Be4 Nxh3+ 23.Kh1 Qd4 24.Qg2 Nf2+ 25.Kh2 Ng4+ 26.Kh1 Rf2 27.Ra8 Rxg2 28.
Rxc8+ Kf7 29.Bxg2 Ne5 30.Nf3 Qd1+ 31.Ng1 Ng4 32.Bf3 Qe1 33.Bxg4 Bd4 34.Kg2
Qxg1+ 0-1

[Event "XXI Festival Conca della Presolana A"]
[Site "Bratto - Castione della Presolana ITA"]
[Date "2001.08.23"]
[Round "2"]
[White "Cebalo, Miso"]
[Black "Sbarra, Marco"]
[Result "1/2-1/2"]
[WhiteElo "2476"]
[BlackElo "2305"]
[PlyCount "168"]
[EventDate "2001.08.22"]

1.d4 d5 2.c4 e6 3.Nf3 Nf6 4.Nc3 c5 5.cxd5 cxd4 6.Nxd4 Nxd5 7.Bd2 Be7 8.e4 
Nf6 9.Bb5+ Bd7 10.e5 Nd5 11.Nxd5 exd5 12.Bd3 Nc6 13.Nxc6 bxc6 14.O-O O-O 
15.Qc2 g6 16.f4 c5 17.b3 Rc8 18.Be3 c4 19.bxc4 dxc4 20.Be4 Bc5 21.Bxc5 
Rxc5 22.Rfd1 Qc7 23.Qc3 Bc6 24.Bxc6 Rxc6 25.h3 Rb8 26.Kh2 Qb6 27.Rd2 a5 
28.Rc1 Qb4 29.Rd5 Qxc3 30.Rxc3 a4 31.Ra5 Rb4 32.Kg3 Rc7 33.Ra6 Kf8 34.Kf3 
Ke7 35.g4 Rd7 36.Ke3 Rb2 37.Rxa4 Rdd2 38.Raxc4 Re2+ 39.Kf3 Rf2+ 40.Kg3 
Rxa2 41.Rc7+ Kf8 42.e6 fxe6 43.Rxh7 Rfc2 44.Re3 Re2 45.Rxe2 Rxe2 46.Kh4 e5
47.Kg5 exf4 48.Kxf4 Kg8 49.Ra7 Rh2 50.Ra3 Kg7 51.Kg5 Rh1 52.h4 Rg1 53.Ra7+
Kg8 54.Rb7 Rg2 55.Rb1 Kg7 56.Rd1 Kg8 57.Kf4 Rh2 58.Rd8+ Kg7 59.Rd7+ Kg8 
60.Rd6 Kh7 61.Re6 Rh1 62.Ke5 Re1+ 63.Kf6 Rf1+ 64.Kg5 Rg1 65.Rf6 Rg2 66.Rf1
Kg7 67.Rd1 Kg8 68.Kf4 Rh2 69.Rd4 Kg7 70.Ke5 Re2+ 71.Re4 Rh2 72.g5 Rh1 73.
Ke6 Rf1 74.Ke7 Rh1 75.Ke8 Rh2 76.Rd4 Re2+ 77.Kd8 Rh2 78.Rd7+ Kg8 79.Ke7 
Rxh4 80.Kf6 Ra4 81.Re7 Ra8 82.Kxg6 Rb8 83.Kh6 Rb6+ 84.g6 Rb8 1/2-1/2

[Event "XXI Festival Conca della Presolana A"]
[Site "Bratto - Castione della Presolana ITA"]
[Date "2001.08.23"]
[Round "2"]
[White "De Barberis, Massimo"]
[Black "Valenti, Giuseppe"]
[Result "0-1"]
[WhiteElo "2103"]
[BlackElo "2201"]
[PlyCount "111"]
[EventDate "2001.08.22"]

1.e4 c5 2.Nf3 e6 3.c3 Nf6 4.e5 Nd5 5.d4 cxd4 6.cxd4 d6 7.Bc4 Nb6 8.Bb5+ 
Nc6 9.O-O Bd7 10.Nc3 a6 11.Be2 Qc7 12.Bf4 d5 13.Rc1 Be7 14.a3 Rc8 15.b4 
Qd8 16.Qb3 Nc4 17.Bxc4 dxc4 18.Qc2 b5 19.d5 exd5 20.Nxd5 Be6 21.Nxe7 Nxe7 
22.Bg5 Qc7 23.Nd4 Qxe5 24.Nxe6 fxe6 25.Bxe7 Kxe7 26.Rfe1 Qf6 27.Qe4 Rc7 
28.Re3 Rf8 29.Rf1 g6 30.Rf3 Qg7 31.Re1 Rf6 32.Qe5 Rc6 33.Ree3 Rd6 34.h4 
Qf7 35.Qc5 Kd7 36.Qa7+ Ke8 37.Qb8+ Rd8 38.Qe5 Rf5 39.Qxe6+ Qxe6 40.Rxe6+ 
Kf7 41.Rfe3 Rc8 42.Re7+ Kg8 43.Rc3 Rd8 44.f3 Rfd5 45.Ra7 Rd1+ 46.Kh2 R1d6 
47.Kg3 R8d7 48.Ra8+ Kf7 49.Re3 Rd3 50.Rae8 Rxe3 51.Rxe3 Rc7 52.Rc3 Ke6 53.
Kf4 Kd5 54.Ke3 Re7+ 55.Kd2 Kd4 56.a4 0-1

[Event "XXI Festival Conca della Presolana A"]
[Site "Bratto - Castione della Presolana ITA"]
[Date "2001.08.23"]
[Round "2"]
[White "De Santis, Alessio"]
[Black "Radice, Luca"]
[Result "1-0"]
[WhiteElo "2353"]
[BlackElo "2042"]
[PlyCount "70"]
[EventDate "2001.08.22"]

1.d4 Nf6 2.c4 g6 3.Nc3 Bg7 4.e4 d6 5.Be2 O-O 6.Bg5 c5 7.d5 Qa5 8.Bd2 a6 9.
a4 Re8 10.h4 e6 11.h5 Qc7 12.hxg6 fxg6 13.Nh3 exd5 14.exd5 Bxh3 15.Rxh3 
Nbd7 16.Qc2 Nf8 17.O-O-O Re7 18.f3 Rae8 19.Bd3 Re5 20.g4 R5e7 21.Rdh1 Rf7 
22.Ne2 N6d7 23.f4 Rfe7 24.Ng3 Nf6 25.Rh4 b5 26.cxb5 c4 27.Bxc4 Rc8 28.b3 
axb5 29.axb5 Qb6 30.g5 Ne8 31.f5 Be5 32.Ne4 gxf5 33.Nf6+ Nxf6 34.gxf6 Ra7 
35.Qxf5 Qxb5 1-0

[Event "XXI Festival Conca della Presolana A"]
[Site "Bratto - Castione della Presolana ITA"]
[Date "2001.08.23"]
[Round "2"]
[White "Dittmar, Peter"]
[Black "Komarov, Dimitri"]
[Result "1/2-1/2"]
[WhiteElo "2348"]
[BlackElo "2525"]
[PlyCount "36"]
[EventDate "2001.08.22"]

1.e4 Nf6 2.e5 Nd5 3.d4 d6 4.Nf3 Nc6 5.c4 Nb6 6.exd6 exd6 7.h3 Be7 8.Be2 
O-O 9.O-O Bf6 10.Nc3 Re8 11.b3 Bf5 12.Be3 d5 13.c5 Nc8 14.Qd2 Be4 15.Nh2 
N8e7 16.Ng4 Nf5 17.Nxf6+ Qxf6 18.Bb5 a6 1/2-1/2

[Event "XXI Festival Conca della Presolana A"]
[Site "Bratto - Castione della Presolana ITA"]
[Date "2001.08.23"]
[Round "2"]
[White "Epishin, Vladimir V."]
[Black "Guido, Flavio"]
[Result "1-0"]
[WhiteElo "2583"]
[BlackElo "2379"]
[PlyCount "93"]
[EventDate "2001.08.22"]

1.d4 Nf6 2.c4 e6 3.Nc3 Bb4 4.e3 c5 5.Ne2 cxd4 6.exd4 d5 7.a3 Be7 8.Nf4 Nc6
9.cxd5 Nxd5 10.Ncxd5 exd5 11.g3 O-O 12.Bg2 Bf6 13.Be3 Be6 14.O-O Qb6 15.
Bxd5 Nxd4 16.Nxe6 fxe6 17.Be4 Qxb2 18.Rb1 Ne2+ 19.Kg2 Qe5 20.Bxh7+ Kxh7 
21.Qxe2 b6 22.Kg1 Rad8 23.a4 Rd5 24.Rb4 Rc8 25.h4 Rc3 26.Rf4 Qh5 27.Qxh5+ 
Rxh5 28.Rb1 Kg8 29.Rbb4 Rd5 30.Kg2 Be5 31.Rfc4 Rxc4 32.Rxc4 Kf7 33.h5 Bd6 
34.g4 Bc5 35.Kf3 Kf6 36.Bc1 Rd1 37.Rf4+ Ke7 38.Bb2 Bd6 39.Re4 Kf7 40.g5 
Rd2 41.g6+ Kf8 42.Rxe6 Bc5 43.Re2 Rd5 44.Be5 Rd3+ 45.Kg4 Ra3 46.f4 Rxa4 
47.Rd2 1-0

[Event "XXI Festival Conca della Presolana A"]
[Site "Bratto - Castione della Presolana ITA"]
[Date "2001.08.23"]
[Round "2"]
[White "Everet, Alexandro"]
[Black "Dervishi, Erald"]
[Result "0-1"]
[WhiteElo "2308"]
[BlackElo "2491"]
[PlyCount "62"]
[EventDate "2001.08.22"]

1.b3 d5 2.g3 Nf6 3.Bg2 e5 4.d3 Nc6 5.e3 Be7 6.Ne2 O-O 7.f3 Be6 8.O-O Re8 
9.c3 a5 10.Ba3 Qd7 11.Bxe7 Nxe7 12.Na3 Bh3 13.Nc2 Rad8 14.Qe1 Bxg2 15.Kxg2
e4 16.fxe4 dxe4 17.d4 c5 18.c4 b6 19.Rd1 cxd4 20.Nexd4 Qc8 21.Qe2 Ng6 22.
Nb5 Rxd1 23.Rxd1 Re5 24.Rd6 h5 25.h3 Rg5 26.Kh2 h4 27.g4 Ne5 28.Kh1 Nfxg4 
29.hxg4 Nxg4 30.Qf1 Nf2+ 31.Kh2 Qf5 0-1

[Event "XXI Festival Conca della Presolana A"]
[Site "Bratto - Castione della Presolana ITA"]
[Date "2001.08.23"]
[Round "2"]
[White "Farina, Saverio"]
[Black "Podini, Francesco"]
[Result "1-0"]
[WhiteElo "2126"]
[BlackElo "2072"]
[PlyCount "149"]
[EventDate "2001.08.22"]

1.d4 c5 2.e3 Nf6 3.c4 e6 4.Nf3 b6 5.Nc3 Bb7 6.d5 exd5 7.cxd5 d6 8.e4 a6 9.
Bd3 Nbd7 10.O-O Be7 11.Bg5 O-O 12.Qd2 b5 13.Rae1 b4 14.Nd1 Rc8 15.b3 Nb6 
16.Nb2 Nfd7 17.Bc4 Bxg5 18.Nxg5 h6 19.Nf3 Qf6 20.Re3 Rfe8 21.Qc2 Re7 22.
Nd2 Rce8 23.Be2 Ne5 24.Re1 g6 25.Rf1 g5 26.Re1 Bc8 27.Nf1 Ng6 28.g3 Nf4 
29.Bf3 Nh3+ 30.Kg2 g4 31.Bd1 Qd4 32.Qe2 f5 33.exf5 Nxd5 34.Qc4 Bb7 35.Rxe7
Rxe7 36.Ne3 Kg7 37.Qxd4+ Nf6+ 38.Kf1 cxd4 39.Nxg4 Rxe1+ 40.Kxe1 Nxg4 41.
Bxg4 Ng5 42.Nd3 a5 43.Nb2 Be4 44.Nc4 Bb1 45.Nxa5 Bxa2 46.Bd1 Bb1 47.Nc6 
Ne4 48.Nxd4 Nc5 49.Bc2 Bxc2 50.Nxc2 Nxb3 51.Nxb4 Nd4 52.g4 h5 53.h3 Nf3+ 
54.Ke2 Ng1+ 55.Ke3 Nxh3 56.f3 hxg4 57.fxg4 Kf6 58.Kf3 Ke5 59.Kg3 Ng5 60.
Kh4 Ne4 61.Kh5 Nf6+ 62.Kg5 Ne4+ 63.Kg6 Kf4 64.g5 Nxg5 65.Nd5+ Kg4 66.f6 
Nf3 67.Ne3+ Kf4 68.Nc4 d5 69.f7 dxc4 70.f8=Q+ Ke3 71.Qa3+ Ke4 72.Qc3 Ne5+ 
73.Kf6 Ng4+ 74.Ke6 Ne3 75.Kd6 1-0

[Event "XXI Festival Conca della Presolana A"]
[Site "Bratto - Castione della Presolana ITA"]
[Date "2001.08.23"]
[Round "2"]
[White "Giretti Kanev, Jasen"]
[Black "Tatai, Stefano"]
[Result "0-1"]
[WhiteElo "2178"]
[BlackElo "2350"]
[PlyCount "98"]
[EventDate "2001.08.22"]

1.d4 Nf6 2.c4 e6 3.Nf3 d5 4.Nc3 Bb4 5.e3 O-O 6.Qb3 c5 7.a3 cxd4 8.axb4 
dxc3 9.bxc3 dxc4 10.Bxc4 b6 11.O-O Bb7 12.Nd4 a6 13.f3 Qc7 14.Rd1 b5 15.
Be2 Bd5 16.Qc2 Nbd7 17.Nb3 Rfc8 18.e4 Bc4 19.Nd4 Bxe2 20.Nxe2 Qb6+ 21.Kh1 
Ne5 22.Bg5 Ne8 23.Qd2 f6 24.Be3 Qb7 25.Bc5 a5 26.Nf4 Qc6 27.Qf2 a4 28.Qa2 
Nc4 29.Rd4 Rd8 30.Rad1 Rxd4 31.cxd4 Qd7 32.d5 e5 33.Nd3 a3 34.Nc1 Ned6 35.
Nb3 Nb2 36.Rd2 Ndc4 37.Rc2 Qc8 38.Nd2 Qa6 39.h3 Qa4 40.Nb3 Nd3 41.Nd2 Nxd2
42.Rxd2 Nc1 43.Qb1 a2 44.Rxa2 Nxa2 45.d6 Nc3 46.Qb2 Qa1+ 47.Qxa1 Rxa1+ 48.
Kh2 Kf7 49.Bb6 Ke6 0-1

[Event "XXI Festival Conca della Presolana A"]
[Site "Bratto - Castione della Presolana ITA"]
[Date "2001.08.23"]
[Round "2"]
[White "Godena, Michele"]
[Black "Vancini, Edoardo"]
[Result "1/2-1/2"]
[WhiteElo "2491"]
[BlackElo "2358"]
[PlyCount "47"]
[EventDate "2001.08.22"]

1.e4 c5 2.Nf3 e6 3.c3 Nf6 4.e5 Nd5 5.d4 cxd4 6.cxd4 d6 7.Bc4 Nc6 8.O-O Be7
9.exd6 Qxd6 10.Nc3 O-O 11.Re1 a6 12.Bb3 Rd8 13.Qe2 b5 14.Ne4 Qb8 15.Bg5 
Ra7 16.Rad1 h6 17.Bc1 Rad7 18.Nc5 Rc7 19.Bxd5 Rxd5 20.Bf4 Bd6 21.Bxd6 Rxd6
22.d5 Nd4 23.Nxd4 Rxc5 24.dxe6 1/2-1/2